Canciones de Los Bunkers - Estadísticas

Estadísticas generales
  • Esta prueba ha sido intentada 315 veces
    149 desde el último reinicio
  • La puntuación promedio es 49 de 101
Estadísticas de respuestas
Los Bunkers % Correcto
No!
97%
Miño
88%
Canción de Lejos
81%
Llueve Sobre La Ciudad
81%
Nada Nuevo Bajo El Sol
78%
No Me Hables de Sufrir
78%
Ven Aquí
78%
Canción Para Mañana
75%
Mientele
75%
Una nube Cuelga Sobre Mí
75%
La Velocidad de la Luz
72%
Quién Fuera
72%
Vida De Perros
72%
Ángel Para Un Final
69%
Bailando Solo
69%
Canción de Cerca
69%
El Detenido
69%
Entre Mis Brazos
69%
Fantasías Animadas de Ayer y Hoy
69%
Te Vistes y Te Vas
69%
Andén
66%
Las Cosas Que Cambié y Dejé Por Tí
63%
Me Muelen A Palos
63%
Noviembre
63%
No Sé
59%
Rey
59%
Santiago de Chile
59%
Ahora Que No Estas
56%
El Derecho de Vivir en Paz
56%
Fiesta
56%
Si Estás Pensando Mal de Mí
56%
Tu
56%
Yo Sembré Mis Penas de Amor en Tu Jardín
56%
Calles de Talcahuano
53%
Capablanca
53%
El Necio
53%
La Exiliada del Sur
53%
Maribel
53%
Tarde
53%
Ultima Canción
53%
Abril
50%
Bajo los Árboles
50%
Coma
50%
Deudas
50%
Dios No Sabe Perder
50%
Infiel
50%
Mariposa
50%
Papá No Llores Más
50%
Pobre Corazón
50%
Quiero Dormir Cansado
50%
Sueño Con Serpientes
50%
Culpable
47%
El Mismo Lugar
47%
Hoy
47%
Jamás
47%
Nada es Igual
47%
Nada Más De Mi
47%
Sabes Que...
47%
Siniestra
47%
Al Final De Este Viaje En La Vida
44%
Buscando Cuadros
44%
Cura de Espanto
44%
El Hombre es un Continente
44%
No Necesito Pensar
44%
Dulce Final
41%
Heart of Glass
41%
La Estación Final
41%
Los Premios
41%
Sacramento
41%
Si Todo Esto Es Lo Que Hay
41%
Sur
41%
Dicen
38%
El día en Que Dejaste de Fingir
38%
El Tiempo Que Se Va
38%
Nada Me Importa
38%
El Día Feliz
34%
El Festín de los Demás
34%
La Maldición de Mi País
34%
Lo Que Me Angustia
34%
Que Ya Viví, Que Te Vas
34%
Quiero Descansar
34%
Sábado
34%
Desperdíciame
31%
La Era Esta Pariendo Un Corazón
31%
Leyenda
31%
Mañana Lo Voy A Saber
31%
Mira lo Que Dicen Sobre Nuestro Amor
31%
La Ciudad Se Apagó
28%
Let 'Em In
28%
Olor a Viejo
28%
Diamante Negro
25%
Pequeña Serenata Diurna
25%
El Ruido de las Cosas al Caer
22%
Verano de San Juan
22%
Ya No Te Esperare
22%
El Dia Feliz Que Esta Llegando
19%
Tanto
19%
Vas
19%
Y Nada Más
19%
Azar
16%
Valle de la Luna
16%
No se encontraron pruebas coincidentes
Distribución de puntuación
Porcentaje de gente con cada puntuación
Porcentaje por número respondido
Historial de tus puntuaciones
No has intentado esta prueba desde el último reinicio